000 01092cam a22002771a 4500
001 e 22000274
003 DLC
005 20260227111213.0
008 841019s1922 dcu f000 0 eng c
010 _ae 22000274
035 _a(OCoLC)11285132
040 _aLibrary, U.S. Office of Education
_cABAU
_dABAU
_dDLC
042 _apremarc
050 0 0 _aL111
_b.A6 1922, no. 1
051 _aLB2525
_b.S8 1922
100 1 _aStorey, Thomas A.
_q(Thomas Andrew),
_d1875-1943.
245 1 0 _aRecent state legislation for physical education /
_cby Thomas A. Storey, Willard S. Small, Elon G. Salisbury.
260 _aWashington :
_bG.P.O.,
_c1922.
300 _a40 p. ;
_c23 cm.
490 1 _aBulletin / Dept. of the Interior, Bureau of Education ;
_v1922, no. 1
504 _aIncludes bibliographical references.
650 0 _aPhysical education and training
_xLaw and legislation
_zUnited States
_xStates.
700 1 _aSmall, Willard S.
_q(Willard Stanton),
_d1870-1943.
700 1 _aSalisbury, Elon G.
_q(Elon Galusha)
830 0 _aBulletin (United States. Bureau of Education) ;
_v1922, no. 1
999 _c20506
_d20506